000 00930nam2a2200253 4500
001 RU\NLR\bibl\1461901
005 20250615235141.0
010 _a978-5-9233-0739-9
021 _aRU
_b2009-94454
_95983
035 _a(NLR Aleph) 001453658
090 _a1538979
_c1538979
100 _a20100118d2009 |||y0rusy50 ca
101 0 _arus
102 _aRU
105 _ac |||||||||
200 1 _aСтихотворения
215 _a558, [1] с.
_cпортр.
327 1 _aСодерж.: циклы: 1965-1980; 1981-1990; 1993-1999; 2000-2003; 2004-2008
461 0 _1001RU\NLR\bibl\1733776
_12001#$a[Избранное$v[Кн.] 1
_91361962
_aБрыксина, Т. И.
_cВолгоград
_d2009
_fТатьяна Брыксина
_nИздатель
_oв 3 кн.]
_t[Избранное
_y978-5-9233-0729-0
_v[Кн.] 1
801 0 _aRU
_bNLR
_c20100118
_gRCR
801 1 _aRU
_bNLR
_c20100118
942 _cBOOK
980 _aNB